[Event "JBLN Ost 1819"]
[Site "Germany"]
[Date "2019.01.26"]
[Round "6.6"]
[White "Artukovic, Benjamin"]
[Black "Pitzschel, Frederik"]
[Result "1-0"]
[WhiteElo "1543"]
[BlackElo "1103"]
[PlyCount "79"]
[EventDate "2018.09.29"]
[EventType "team-tourn"]
[EventRounds "9"]
[EventCountry "GER"]
[SourceTitle "CBM 189 Extra"]
[Source "ChessBase"]
[SourceDate "2019.06.03"]
[SourceVersion "1"]
[SourceVersionDate "2019.06.03"]
[SourceQuality "1"]
[WhiteTeam "Weisse Dame"]
[BlackTeam "Falkensee Caissa"]
[WhiteTeamCountry "GER"]
[BlackTeamCountry "GER"]

1. e4 e5 2. Bc4 Nf6 3. d3 g6 4. Nf3 Nc6 5. Ng5 d5 6. exd5 Nxd5 7. Qf3 Be6 8. Nxe6 fxe6 9. 0-0 Nd4 10. Qd1 b5 11. Bb3 c5 12. c3 Nxb3 13. axb3 Nb6 14. Re1 Bd6 15. Bh6 a5 16. Bg7 Rg8 17. Bxe5 b4 18. Qg4 Be7 19. Qxe6 Rf8 20. Bf6 Rxf6 21. Qxf6 Nd7 22. Qf3 Ra6 23. Nd2 Ne5 24. Rxe5 Ra7 25. Ne4 bxc3 26. bxc3 Qb6 27. Nd2 Kd8 28. Qd5+ Rd7 29. Qa8+ Kc7 30. Rxa5 Rxd3 31. Rxe7+ Kd6 32. Re2 Qxb3 33. Qd8+ Kc6 34. Qc8+ Kd5 35. Qg8+ Kc6 36. Qxb3 Rd6 37. Re6 Kd7 38. Ra7+ Kc8 39. Qb7+ Kd8 40. Qb8# 1-0